000 00656nam a2200277Ia 4500
005 20260324141506.0
008 008 260324s9999 xx 000 0 eng d
020 _a9781315036823
037 _aEBOOK
040 _aCRL
040 _beng
040 _cCRL
041 _2eng
041 _aeng
084 _qCRL
100 _aMartin Bull; Martin Rhodes
_91208393
245 0 _aCrisis and Transition in Italian Politics
260 _bTaylor and Francis
260 _c1997
365 _a
365 _b155
856 _uhttp://www.taylorfrancis.com/books/9781315036823
942 _cEBOOK
999 _c1811542
_d1811542